Rezervní fond akciových společností.

Nejednotnosť názorov na riešenie otázky rezervného fondu pri zakladaní účastinných spoločností. Nevyhnutnosť rozlišovania spoločností zakladaných v súčasnosti a spoločností, ktoré vznikli podľa predchádzajúcej právnej úpravy. Prehľad právnych noriem týkajúcich sa povinností vytvárať rezervný fond. S...

ver descrição completa

Na minha lista:
Detalhes bibliográficos
Autor principal: Eliáš, Karel
Formato: Capítulo de Livro
Idioma:tcheco
Assuntos:
Tags: Adicionar Tag
Sem tags, seja o primeiro a adicionar uma tag!

MARC

LEADER 00000naa a2200000 4500
001 r008162
005 20220831084103.7
041 0 |a cze 
044 |a [CS] 
245 1 0 |a Rezervní fond akciových společností.  |c Karel Eliáš 
520 |a Nejednotnosť názorov na riešenie otázky rezervného fondu pri zakladaní účastinných spoločností. Nevyhnutnosť rozlišovania spoločností zakladaných v súčasnosti a spoločností, ktoré vznikli podľa predchádzajúcej právnej úpravy. Prehľad právnych noriem týkajúcich sa povinností vytvárať rezervný fond. Spôsoby vytvárania rezervného fondu. 
610 2 0 |a fond rezervný 
610 2 0 |a spoločnosti akciové 
610 2 0 |a právo obchodné 
610 2 0 |a ČSFR 
100 1 |a Eliáš, Karel